Statistiques concernant Pays dans une citrouille sur une carte du monde

Cliquez ici pour prendre le quiz!

Statistiques générales

  • Ce quiz a été pris 7 984 fois
  • Le résultat moyen est 33 sur 40

Réponses sur la Carte

Les réponses sont colorées sur une échelle allant du rouge au vert en fonction du pourcentage des utilisateurs qui les ont devinées à leur premier essai. Vous pouvez retrouver ces pourcentages ci-dessous.
 

Statistiques - réponses

Pays% Correct
Égypte
97%
Arabie Saoudite
96%
Inde
93%
République Démocratique du Congo
93%
République du Congo
92%
Libye
91%
Qatar
91%
Émirats Arabes Unis
90%
Soudan
90%
Yémen
90%
Iran
89%
Somalie
89%
Turquie
89%
Oman
88%
Éthiopie
87%
Irak
87%
Niger
87%
Soudan du Sud
87%
Pakistan
86%
Chypre
85%
Nigeria
85%
Tchad
84%
Érythrée
83%
Kenya
83%
République Centrafricaine
80%
Tanzanie
80%
Afghanistan
79%
Cameroun
79%
Koweït
79%
Rwanda
78%
Bahreïn
74%
Angola
73%
Gabon
73%
Ouganda
73%
Zambie
73%
Guinée Équatoriale
72%
Burundi
71%
Seychelles
70%
Maldives
68%
Sao Tomé-et-Principe
66%

Distribution des résultats

Percentile par nombre de réponses

% des personnes avec chaque résultat

Votre développement - résultats

Vous n’avez pas pris ce quiz